La Catedral de Oviedo : (perfiles histórico-arqueológicos) / J. Álvarez Amandi (perfiles histórico-arqueológicos) / J. Álvarez Amandi
Descripción Física:
126 p., [2] f. , XV làm. ; 17 cm
Materias:
Catedral de Oviedo
MARC
| LEADER | 00000nam a2200000Ia 4500 | ||
|---|---|---|---|
| 001 | 645 | ||
| 008 | 160829s1929 xx 000 0 cat d | ||
| 080 | |a B-1-341 | ||
| 100 | |a Álvarez Amandi, J. |9 23651 | ||
| 245 | |a La Catedral de Oviedo : |b (perfiles histórico-arqueológicos) / J. Álvarez Amandi | ||
| 250 | |a Nueva ed. | ||
| 260 | |a Oviedo : |b (Imp. Región), |c 1929 | ||
| 300 | |a 126 p., [2] f. , XV làm. ; |c 17 cm | ||
| 650 | |a Catedral de Oviedo |9 23652 | ||
| 901 | |a Arxiu | ||
| 942 | |n 1 | ||
| 952 | |0 0 |1 0 |4 0 |6 B1341 |7 1 |9 42794 |a Arxiu |b Arxiu |d 2016-12-01 |l 0 |o B-1-341 |p 645 |r 2016-12-01 00:00:00 |w 2016-12-01 |y ARXIU | ||
| 999 | |c 45300 |d 45300 | ||